00453 2200145 4500001002100000005001500021035002000036245013400056100001700190300002600207260004000233082000800273084001400281990001200295INLIS00000000000317220251127090731 a0010-11250000331 aBagaimana Memiliki Lebih Banyak Kasih Dalam Kehidupan :bKiat-Kiat Sederhana Untuk Memperkaya Hati dan Jiwa /cAlan Epstein, Ph.D0 aAlan Epstein a224 hlm ;c11 x 18 cm aJakarta :bProfesional Books,c2011 a200 a200 ALA b a0754530